| 000 | 00538cam a2200217 4500 | ||
|---|---|---|---|
| 001 | B517 | ||
| 008 | 090401t1986 xxu||||| |||| 00| 0 eng d | ||
| 035 | _a(Sirsi) u36309 | ||
| 041 | _aeng | ||
| 050 | _a333.337 | ||
| 110 |
_aDebenham Tewson and Chinnocks _93135 |
||
| 245 | _aOffice rents and rates 1973-1986 | ||
| 260 |
_aLondon _bDebenham Tewson and Chinnocks _c1986 |
||
| 300 | _a29p. : ill. ; 30cm. | ||
| 350 | _a5 | ||
| 650 | _aOFFICES | ||
| 650 | _aRATES AND RATING | ||
| 650 | _aRENT | ||
| 942 | _n0 | ||
| 948 | _c04/03/1997 | ||
| 999 |
_c90247 _d90247 |
||